000 01761nam0a2200397 4500
001 RU\NLR\bibl\903098
005 20260405135605.0
010 _a5-9273-0941-0
_9300
021 _aRU
_b2005-73594
_93627
035 _a(nilc)RSL-KNO-002766197
035 _a(NLR Aleph) 000891524
090 _a1721407
_c1721407
100 _a20051111d2005 |||y0rusy50 ca
101 0 _arus
102 _aRU
105 _aa |||||||||
106 _ar
200 1 _aТехника и технология периодических изданий
_eучеб. пособие для студентов, обучающихся по спец. 030601 - "Журналистика"
_fВ.В. Тулупов
210 _aВоронеж
_cВГУ
_d2005
_gТип. ВГУ
215 _a261,[1] с.
_cил., табл.
_d20
300 _aНа 4-й с. обл. авт.: Тулупов В.В. - д.филол.н., проф.
320 _aБиблиогр.: с. 171-185 и в прим. в конце гл.
606 1 _aПериодическая печать
_jУчебные издания для высших учебных заведений
_xТеория и практика
_92222581
_3RU\NLR\auth\661334490
610 0 _aПолиграфическое производство -- Учебник для высшей школы
610 0 _aдизайн в полиграфии
686 _aМ8я73-1
_2rubbk
686 _aЧ612.1я73
700 1 _4070
_8rus
_7ca
_aТулупов
_bВ. В.
_f1954-
_gВладимир Васильевич
_3RU\NLR\auth\7755970
_938902
801 0 _aRU
_bRuMoRKP
_c20051111
_grcr
801 1 _aRU
_bRuMoRGB
_c20051111
801 2 _aRU
_bNLR
_c20060203
_grcr
830 _aАвт. по кн.
942 _cBOOK
980 _aNB
980 _aNBR